Word Echoes Quiz Stats

 Plays Quiz Updated Jun 23, 2018

Also try: Words from LOVE
Challenge
Share
Tweet
Embed
Score 0/16 Timer 06:00
0 Plays Today
Letter Sequence Word(s) % Correct
COCOcocoa, coconut, cocoon...
89.9%
NANAbanana, manana, jnana...
85.1%
ICICicicle, silicic, oiticica...
72.9%
UEUEqueue, queued, queuer...
72.3%
VIVIvivid, vivisect, surviving...
71.3%
PAPApapaya, paparazzi, papal...
71.2%
CUCUcucumber, cucurbit, cucullate...
69.2%
MIMImimic, miming, mimicker...
61.7%
Letter Sequence Word(s) % Correct
CACAcacao
44.2%
PIPIpiping, pipier, pipit...
42.5%
VUVUvuvuzela
42.5%
ISIScrisis, pachisis, merisis...
42%
JOJOjojoba
41.5%
TATAtatar, ratatat, frittata...
40.3%
OTOTprototype, phototropic, rototill...
11.6%
WAWAthrowaway, towaway, stowaway
9%

You're not logged in!

Compare scores with friends on all Sporcle quizzes.
OR
Log In

You Might Also Like...

Show Comments

Extras

Top Quizzes Today


Score Distribution

Your Account Isn't Verified!

In order to create a playlist on Sporcle, you need to verify the email address you used during registration. Go to your Sporcle Settings to finish the process.

Report this User

Report this user for behavior that violates our Community Guidelines.

Details: